British Birds by Picture - Birds of Prey (Accipitridae Family) - Statistics

General Stats
  • This quiz has been taken 31 times
  • The average score is 11 of 19
Answer Stats
Picture Hint Answer % Correct
Buteo buteo Common Buzzard
94%
Aquila chrysaetos Golden Eagle
94%
Astur gentilis Eurasian Goshawk
88%
Accipiter nisus Eurasian Sparrowhawk
88%
Circus cyaneus Hen Harrier
82%
Milvus milvus Red Kite
82%
Circus aeruginosus Western Marsh Harrier
71%
Haliaeetus albicilla White-Tailed Eagle
65%
Milvus migrans Black Kite
53%
Pernis apivorus European Honey Buzzard
53%
Buteo lagopus Rough-Legged Buzzard
53%
Neophron percnopterus Egyptian Vulture
41%
Circus pygargus Montagu's Harrier
41%
Elanus caeruleus Black-Winged Kite
29%
Buteo rufinus Long-Legged Buzzard
29%
Circus hudsonius Northern Harrier
24%
Circus macrourus Pallid Harrier
24%
Circaetus gallicus Short-Toed Snake Eagle
24%
Clanga clanga Greater Spotted Eagle
18%
No matching quizzes found
Score Distribution
Percent of People with Each Score
Percentile by Number Answered
Your Score History
You have not taken this quiz